MDQL
is popping MORE tags! Check the
thread
!
Quizzes
Events
Quiz Creation
Community
Videos
Private Events
Remove Ads
Sign In
Join for FREE
Feedback
Dark Mode
Quiz Categories
Sports
Geography
Music
Movies
Television
Just For Fun
Miscellaneous
History
Literature
Language
Science
Gaming
Entertainment
Religion
Holiday
For Kids
Quiz Lab
Recent
Popular Today
Quiz Kudos Today
Editor Picks
Curator Picks
Quizzes by...
Day
Popularity
Type
Ratings
Length
Year
Community
Subscriptions
Recent Discussions
Orange Saloon
Badges
Playlists
Quests
Create
Leaderboards
Showdown
Live 5
Trivia Bingo
Activity
Puzzle Library
Sporcle Events
Private Events
Virtual Trivia
Globe League
Become a Host
Pub Owners
SporcleCon
Opinionation
Our Games
Videos
Blog
Mobile Apps
Partnerships
Remove Ads and Go Orange
Feedback
Miscellaneous
Crossword
General Knowledge
Baby Names
Logo
Food
Cars
Numbers
Grab Bag
University
College
Popular
Company
Slogans
Restaurants
Justice
Letter
Miscellaneous
Crossword
General Knowledge
Baby Names
Logo
Food
Cars
Numbers
Grab Bag
University
College
Popular
Company
Slogans
Restaurants
Justice
Letter
Random Quiz
Search Sporcle
×
Quiz Lab
Quiz Lab
Miscellaneous
standard
Type in answers that appear in a list
Type in answers that appear in a list
Classic
Best Score? Go Orange.
The Jordan Standard Stats
Can you name the The Jordan Standard?
By
snogle
15m
104 Questions
1,643 Plays
1,643 Plays
1,643 Plays
Comments
Comments
Give Quiz Kudos
Give Quiz Kudos
-
- Ratings
hide this ad
Forced Order
Answers have to be entered in order
Answers have to be entered in order
Replay
Link that replays current quiz
Next Quiz
Link to next quiz in quiz playlist
You Got
0%
They Got
Avg Score
78%
Avg Friend Score
Upgrade to see
Score Distribution
Jump to the score distribution portion of the page
Score
0/104
Timer
15:00
0
Plays Today
% Correct
The
98.1%
of
93.7%
confidence
93.6%
the
93.6%
founders
93.3%
of
93.2%
Sigma
93.1%
Chi
93.1%
was
92.2%
based
92.1%
upon
91.8%
a
91.7%
belief
91.2%
that
91%
the
90.6%
principles
89.4%
which
89.1%
they
88.9%
professed
88.4%
and
88%
the
87.8%
ideal
87.5%
of
86.9%
the
86.7%
fraternity
86.5%
which
86.2%
they
85.9%
sought
85.7%
were
85.3%
but
85.1%
imperfectly
85%
realized
84.3%
in
83.9%
the
83.9%
organizations
83.4%
% Correct
by
83.1%
which
83.1%
they
83.1%
were
83.1%
surrounded
83%
The
78.3%
standard
77.7%
which
76.5%
with
76.4%
the
76.4%
Fraternity
76.3%
started
76.1%
was
75.8%
by
75.8%
M
75.6%
Jordan
75.6%
Isaac
75.5%
declared
75.4%
to
74.9%
be
74.8%
that
74.7%
of
74.3%
no
74.3%
man
74.2%
admitting
74.2%
to
73.4%
membership
73.2%
Sigma
73.1%
Chi
73.1%
in
73%
who
73%
be
73%
not
72.9%
believed
72.9%
to
72.9%
% Correct
is
72.8%
A
72.1%
man
71.8%
of
71.8%
good
71.8%
character
71.6%
a
71.3%
student
71.3%
of
71.3%
fair
71.1%
ability
71.1%
with
70.8%
ambitious
70.4%
purposes
70.3%
a
70%
congenial
70%
disposition
69.9%
good
68.8%
morals
68.8%
of
68.8%
possessed
68.6%
having
68.6%
a
68.6%
high
68.6%
sense
68.6%
of
68.6%
honor
68.6%
and
68.6%
a
68.6%
sense
68.5%
of
68.5%
deep
68.4%
personal
68.4%
responsibility
68.2%
Quiz Playlist
Details
Report
Send in Message
Add To Playlist
Classic:
Type in answers that appear in a list
Forced Order:
Answers have to be entered in order
Last Updated: Feb 16, 2017
Quiz Scoreboard
CHALLENGE
Sign Up to Join the Scoreboard
Show All
Scores
Hide
Comments
May contain spoilers
Recently Published
Colored Red Africa Blitz
by spor1
Geography
30s
Find the 'City' Movie
by crazypaving
Movies
60s
5x2 Blitz: Bands
by SL_Kpop136
Music
30s
More to Explore
Quiz From the Vault
Featured Blog Post
14 Easter Pick-up Lines to Find Eggs With
hide this ad
You Might Also Like...
Tags
standard
Today's Top Quizzes in Miscellaneous
Browse Miscellaneous
hide this ad
Today's Top Quizzes in standard
Browse standard
Top Contributed Quizzes in Miscellaneous
1
5-to-1: Fast Food
2
9x9 Crossword: Disney Movie Titles
3
9x9 Crossword: Charlie and the Chocolate Factory
4
The JOE quick-fire general knowledge quiz: Day 174
5
9x9 Crossword: Nickelodeon
6
9x9 Crossword: Flags
7
9x9 Crossword: Pixar Movie Titles
8
9x9 Crossword: 2022 Movies
9
9x9 Crossword: Halloween
10
9x9 Crossword: Actors
Explore More
Trending Topics
Crossword
Marvel
Disney
NBA
Kpop
Anime
Harry Potter
Pokémon
The Office
Song
Country
NFL
WWE
Puzzle
Soccer
hide this ad
More By:
snogle
Quiz
Plays
Rating
Category
Featured
Created
The Jordan Standard
1,643
1.00
Miscellaneous
Feb 25, 2011
Go to Creator's Profile
Score Distribution
Quiz Creator Spotlight
snogle
Follow
Send a Message
Quizzes Created
-
Created Quiz Play Count
-
More By This Creator
Popular Quizzes Today
1
Find the 'City' Movie
2
Colored Red Africa Blitz
3
5x2 Blitz: Bands
4
Find the US States - No Outlines Minefield
5
The Countries of the World
6
Find the US States
7
9x9 Crossword: Cartoon Network
8
US States
More Miscellaneous Quizzes
Finish the Interesting Food Facts 😋
Curator's Pick
Trending Quizzes
Colored Red Europe Blitz I
Colored Red Africa Blitz II
Colored Red Africa Blitz III
Colored Red Europe Blitz III
Colored Red Europe Blitz II
Recently Updated
Champions League XIs: Real Madrid
pecheneg
Largest US Cities 1790-2010
pecheneg
Rides in Walt Disney World
pecheneg
Most Oscar Losses (Acting)
pecheneg
Beyoncé Albums
pecheneg
Leaping Animals
pecheneg
Reality TV Shows (A-Z)
bhenderson79
Rickey Henderson's Hall of Fame Teammates
pecheneg
Champions League XIs: Arsenal
pecheneg
Quick Pick: Celebrities in WWE's Hall of Fame
aduchscher
Trending Topics
Anime
Marvel
Crossword
Disney
NBA
Harry Potter
Kpop
Song
Pokémon
NFL
Soccer
Country
The Office
WWE
Puzzle
Your Account Isn't Verified!
In order to create a playlist on Sporcle, you need to verify the email address you used during registration. Go to your
Sporcle Settings
to finish the process.
Report this User
Report this user for behavior that violates our
Community Guidelines
.
Details:
Send Report
Go to the Sporcle.com Mobile Site →
Comments